[Event "CCC Championship 2007"]
[Site "?"]
[Date "2007.05.23"]
[Round "3"]
[White "Miller, Paul"]
[Black "Skelcher, Mark"]
[Result "0-1"]
[WhiteElo "1076"]
[BlackElo "1640"]
[Annotator "Fritz8/David Causey"]
[PlyCount "85"]
[SourceDate "2007.04.12"]

1. d4 Nf6 2. Nf3 g6 3. e3 Bg7 4. Bd3 O-O 5. Nc3 d6 (5... d5 $11) 6. e4 Bg4 7.
Be3 Nbd7 8. O-O e5 9. d5 Ne8 10. Be2 (10. h3 Bxf3 11. Qxf3 Nc5 {Fritz8 likes
White here, but Black's position is very playable.  He has a King's Indian
setup with White not having played c4 and having lost a tempo playing e4. 
White does not have the standard c5 pawn lever without expending many tempi to
achieve it.  Black has the f5 pawn lever ready to be played regardless of
whether the White bishop on d3 moves or stays.}) 10... f5 11. Bg5 ({Better is} 
11. Ng5 Bxe2 12. Qxe2 Nc5 13. exf5 gxf5 14. f4 $14 {Fritz8}) 11... Bf6 ({
Slightly better is} 11... Nef6 12. Nd2 Bxe2 13. Qxe2 h6 14. Bxf6 Qxf6 $11) 12.
Bxf6 Qxf6 13. Nd2 Bxe2 14. Qxe2 f4 15. Qg4 ({White does not achieve much with} 
15. Qb5 Nc5 16. b4 a6 17. Qe2 Nd7 $11 {
Notice the lack of play for White when he does not have the pawn lever at c5.})
15... Rf7 16. g3 (16. Nf3 h5 17. Qg5 a5 $11) 16... Ng7 17. Nf3 a6 18. Rac1 $5 {
This looks suspect, but White needs a plan to improve his position, so why not
start a long range plan of c4-c5.} Raf8 19. Kg2 Qe7 20. Na4 $2 {
Takes the support away of the e-pawn.} (20. a4 Nb6 21. b3 a5 $11 {
Black has an answer for each White strategy.}) 20... Nf6 21. Qg5 Qd7 $6 (21...
Nxe4 22. Qxe7 Rxe7 $17) 22. Nc3 c6 23. Rce1 (23. Qh4 cxd5 24. exd5 b5 $17)
23... Nfh5 (23... cxd5 $17) 24. dxc6 $6 ({Better is} 24. Qh6 Ne8 25. Ng5 Rf6
26. f3 $11) 24... bxc6 25. Rd1 Ne8 $2 (25... Ne6 $1 26. Qh4 fxg3 27. fxg3 Nd4
$17) 26. Nxe5 $2 (26. g4 $1 $14) 26... f3+ 27. Nxf3 Rxf3 28. e5 d5 29. Ne4 Qe6
30. Nd6 (30. Nc5) 30... Nxd6 31. exd6 Qxd6 32. c4 d4 33. c5 Qd7 34. Qe5 d3 35.
Qd6 Qf5 36. Rd2 Qe4 37. Kg1 Nf6 38. h3 Nh5 39. Rdd1 Nxg3 40. fxg3 Qe3+ 41. Kg2
Qe2+ 42. Kg1 Rxf1+ 43. Rxf1 0-1

[Event "CCC Championship 2007"]
[Site "?"]
[Date "2007.05.23"]
[Round "4"]
[White "Al Sarraf, Jacob"]
[Black "Mayntz, Fred"]
[Result "1-0"]
[WhiteElo "1767"]
[BlackElo "1646"]
[Annotator "Fritz8/David Causey"]
[PlyCount "96"]
[SourceDate "2007.04.12"]

1. e4 c6 2. d4 d5 3. Nc3 dxe4 4. Nxe4 Bf5 5. Ng3 Bg6 6. Nf3 ({Book is} 6. h4 h6
7. h5 Bh7 8. Nf3 Nd7 9. Bd3 Bxd3 10. Qxd3 e6 11. Bf4) 6... Nd7 7. Bd3 ({
Again, book is} 7. h4) 7... Bxd3 {
This is not obligatory since Black can recapture with his h-pawn.} (7... e6 8.
Bf4 (8. Bxg6 hxg6) 8... Ngf6 9. O-O Be7 10. c4 O-O (10... Nh5) 11. Re1) 8. Qxd3
e6 9. O-O Ngf6 10. Re1 Bd6 $6 (10... Be7) 11. Nf5 $1 Bf8 12. Bf4 g6 13. Nd6+
Bxd6 14. Bxd6 Nb6 15. Ba3 Qc7 16. Ng5 O-O-O 17. Qf3 h6 18. Nxe6 fxe6 19. Qxf6
Qd7 20. c3 Rde8 21. Qxg6 Nd5 22. Re5 Nf4 23. Qe4 Qf7 24. Rf1 Rhg8 25. g3 Rg4
26. Qe3 Reg8 27. Kh1 h5 28. h4 Qg6 29. Rg5 Rxg5 30. hxg5 Qxg5 31. Qxf4 Qd5+ 32.
f3 Qc4 33. Re1 Qd3 34. Qe4 Qxe4 35. fxe4 Rxg3 36. Rg1 Re3 37. e5 h4 38. Rg8+
Kd7 39. Rg7+ Kc8 40. Re7 Rh3+ 41. Kg2 Rg3+ 42. Kh2 Rg6 43. Rh7 Rg4 44. Bd6 Re4
45. Rc7+ Kd8 46. Rxb7 Re3 47. Be7+ Ke8 48. Bxh4 Re2+ 1-0

[Event "CCC Championship 2007"]
[Site "?"]
[Date "2007.05.30"]
[Round "4"]
[White "Skelcher, Mark"]
[Black "Causey, David"]
[Result "0-1"]
[WhiteElo "1640"]
[BlackElo "1986"]
[Annotator "Fritz8/David Causey"]
[PlyCount "65"]
[SourceDate "2007.04.12"]

1. Nf3 c5 2. g3 Nc6 3. Bg2 g6 4. d3 Bg7 5. O-O e6 6. Nbd2 ({
An alternative strategy for White is} 6. e4 Nge7 7. c3 e5 8. Na3 O-O 9. Be3 d6
10. h3 h6 11. Nh2 Be6 12. Qd2 Kh7 13. f4 f5 14. Nf3 Qd7 $11) 6... Nge7 7. Re1
O-O 8. e4 d6 9. Rb1 $6 ({More usual is} 9. c3 Rb8 10. a4 a6 11. Nc4 b5 12. axb5
axb5 13. Ne3 e5 14. Bd2 h6 15. Nh4 Na5) ({or} 9. Nc4 b5 10. Ne3 Rb8 11. c3 b4)
9... Rb8 10. a4 a6 11. b3 b5 12. axb5 axb5 13. Bb2 Bxb2 14. Rxb2 e5 15. h3 Qa5
16. Qa1 Ra8 17. Rbb1 Be6 18. c4 Qb4 ({Better is} 18... Qc7 19. Qc3 b4 20. Qc1
Qd7 21. Kh2 Ra3 $17) 19. Qb2 Nd4 $6 ({I had planned} 19... Rfb8 20. Ra1 Rxa1
21. Rxa1 bxc4 22. dxc4 Bxc4 23. Nxc4 Qxc4 24. Qxe5 Nxe5 25. bxc4 Nxc4 $17 {
but was unable to decide under the time contraints of G60.}) 20. Nxd4 cxd4 21.
f4 Rab8 22. Nf3 bxc4 23. fxe5 $6 ({Better is} 23. dxc4 Bxc4 24. fxe5 dxe5 25.
Nxe5 Be6 26. Red1 Rfd8 27. Qf2 Qd6 28. Nc4) 23... c3 24. Qc1 dxe5 25. Nxe5 Qd6
26. Nc4 $2 ({I was expecting} 26. Qf4 {
and was looking for a good reply to the threatened Nxg6, but Fritz8 gives} Bxb3
$1 {defending against it and winning the b-pawn.}) 26... Qxg3 $19 27. e5 Bxh3
28. Re2 Nd5 29. Qe1 Nf4 $1 30. Qxg3 Nxe2+ 31. Kf2 Nxg3 32. Kxg3 Bxg2 33. Kxg2 (
33. Kxg2 Rxb3 $1 $19) 0-1

[Event "CCC Championship 2007"]
[Site "?"]
[Date "2007.05.30"]
[Round "4"]
[White "Morton, Ian"]
[Black "Miller, Paul"]
[Result "1-0"]
[WhiteElo "978"]
[BlackElo "1076"]
[Annotator "Fritz8/David Causey"]
[PlyCount "43"]
[SourceDate "2007.04.12"]

1. Nc3 e5 2. Nf3 Nc6 3. d4 d6 ({Better is} 3... exd4 4. Nxd4 Nf6 $11) 4. dxe5
dxe5 5. Qxd8+ Nxd8 $6 ({Better is} 5... Kxd8 6. e4 Bb4 7. Bd2 Nf6 8. O-O-O Bg4
$14) 6. Nxe5 Bd6 7. Nc4 Bb4 8. Bd2 Be6 9. e4 Nc6 10. a3 Bxc3 $6 {Since Black
is pawn down, he should not trade, especially a bishop for a knight.} (10...
Bc5 11. Nd5 O-O-O 12. b4) (10... Be7) 11. Bxc3 Rd8 $4 (11... Nf6) 12. Bxg7 $18
Nd4 13. O-O-O c5 14. Bxh8 f6 15. e5 fxe5 16. Bxe5 Ke7 17. Bxd4 cxd4 18. Ne5 Rd5
19. Nf3 Bg4 20. Bc4 Rd8 21. Rhe1+ Kf8 22. Rxd4 1-0

[Event "CCC Championship"]
[Site "?"]
[Date "2007.05.30"]
[Round "4"]
[White "Nissenboim, Josh"]
[Black "Rivers, Clark"]
[Result "1/2-1/2"]
[WhiteElo "1436"]
[BlackElo "1502"]
[PlyCount "59"]
[SourceDate "2007.04.12"]

1. e4 d6 2. d4 Nf6 3. Nc3 g6 4. Nf3 Bg7 5. Be2 c5 6. dxc5 Qa5 7. O-O Qxc5 8.
Be3 Qc7 9. h3 O-O 10. Qd2 Re8 11. Rad1 Nbd7 12. Bb5 a6 13. Ba4 b5 14. Bb3 Bb7
15. Bd5 Nxd5 16. Nxd5 Bxd5 17. Qxd5 Bxb2 18. Ng5 Rf8 19. Nxf7 Qc4 20. Nh6+ Kg7
21. Qb7 Qe6 22. Ng4 Kg8 23. f3 Rfb8 24. Qd5 Qxd5 25. exd5 Rc8 26. Rf2 Rc7 27.
Bd4 Bxd4 28. Rxd4 Rac8 29. Ne3 Ne5 30. Re2 1/2-1/2